LEADER 00698nam a2200193 i 4500 001 000000256672 003 CaOOAMICUS 005 20171215000000.0 008 171215s1879 it u000 u lat u 013 $a235580 040 $aSeMil$bita 245 10$aLaus Pompeja. 300 $aLVIII, 253 p. 773 0 $aSocietà Storica Lombarda $tBibliotheca historica italica.$dMediolani : Brigola, 1876.$g2$w()4985 773 0 $tCodice diplomatico laudense.$dMilano : Gaetano Brigola, 1879.$g1$w()5397 850 $aSeMil 852 $aSeMil$W1$xVenegono$y1$m3S VI 61 FA$j207018$B207018$CSeMilBibl$Z2$F220434 $8I 961 $aRecupero: Altro 996 $6245$aLaus Pompeja$9(OLS)http://semarc/title/412393 LEADER 01127nam a2200253 i 4500 001 000000072035 003 CaOOAMICUS 005 20090209000000.0 008 090209s1971 gw u000 u ger u 013 $a43207 020 $a3110018896 040 $aSeMil$bita 100 1 $aTuschling, Burkhard <1937-2012>.$0(OLS)http://semarc/name/35713 245 10$aMetaphysische und transzendentale Dynamik in Kants opus postumum /$cvon Burkhard Tuschling. 260 $aBerlin ; New York :$bDe Gruyter,$c1971. 300 $aXI, 224 p. ;$c24 cm. 490 0 $aQuellen und Studien zur Philosophie ;$v3 600 14$aKant, Immanuel <1724-1804>.$0(OLS)http://semarc/subject/7657 830 0$aQuellen und Studien zur Philosophie ;$v3.$0(OLS)http://semarc/title/27275 850 $aSeMil 852 $aSeMil$W1$xVenegono$y1$m2P V 278$j38188$B38188$CSeMilBibl$Z2$F38191 $81 996 $6020$a3110018896$9(OLS)http://semarc/number/51250 996 $6245$aMetaphysische und transzendentale Dynamik in Kants opus postumum$9(OLS)http://semarc/title/116034 996 $6260$aBerlin ; New York :$bDe Gruyter$9(OLS)http://semarc/publisher/29892